What is Christianity (Record no. 19904)

MARC details
000 -LEADER
fixed length control field 00322nam a22001457a 4500
020 ## - INTERNATIONAL STANDARD BOOK NUMBER
ISBN 8171013414
082 ## - DEWEY DECIMAL CLASSIFICATION NUMBER
Classification number 201 USM
100 ## - MAIN ENTRY--AUTHOR NAME
Author name USMANI, Muhammad Taqi
245 ## - TITLE STATEMENT
Title What is Christianity
250 ## - EDITION STATEMENT
Edition statement 2003
260 ## - PUBLICATION, DISTRIBUTION, ETC. (IMPRINT)
Place of publication Delhi
Name of publisher Idara Ishaat-e-Diniyat
Year of publication 2003
300 ## - PHYSICAL DESCRIPTION
Number of Pages 126
650 ## - SUBJECT ADDED ENTRY--TOPICAL TERM
Topical Term Christianity
942 ## - ADDED ENTRY ELEMENTS (KOHA)
Koha item type Books

No items available.

                   Copyright © 2026 | Henry Martyn Institute | Hyderabad | TS-500052 | INDIA | Implemented by hmi.edu.in
Hit-Count:

Powered by Koha